<?xml version="1.0" encoding="UTF-8"?>
<record
    xmlns:xsi="http://www.w3.org/2001/XMLSchema-instance"
    xsi:schemaLocation="http://www.loc.gov/MARC21/slim http://www.loc.gov/standards/marcxml/schema/MARC21slim.xsd"
    xmlns="http://www.loc.gov/MARC21/slim">

  <leader>03295njm a2200541Ia 4500</leader>
  <controlfield tag="001">23993</controlfield>
  <controlfield tag="003">IT-RoPAU</controlfield>
  <controlfield tag="005">20220918181158.0</controlfield>
  <controlfield tag="008">131025s9999    xx            000 0 und d</controlfield>
  <datafield tag="040" ind1=" " ind2=" ">
    <subfield code="a">IT-RoPAU</subfield>
  </datafield>
  <datafield tag="040" ind1=" " ind2=" ">
    <subfield code="c">IT-RoPAU</subfield>
  </datafield>
  <datafield tag="041" ind1=" " ind2=" ">
    <subfield code="a">ITALIANO</subfield>
  </datafield>
  <datafield tag="999" ind1=" " ind2=" ">
    <subfield code="c">102748</subfield>
    <subfield code="d">102748</subfield>
  </datafield>
  <datafield tag="999" ind1=" " ind2=" ">
    <subfield code="b">n.d.</subfield>
  </datafield>
  <datafield tag="100" ind1=" " ind2=" ">
    <subfield code="a">AA.VV.</subfield>
    <subfield code="9">794</subfield>
  </datafield>
  <datafield tag="100" ind1=" " ind2=" ">
    <subfield code="e">Autore musica</subfield>
    <subfield code="9">8122</subfield>
  </datafield>
  <datafield tag="100" ind1=" " ind2=" ">
    <subfield code="g">Codice autore musica SPICS: 12000</subfield>
    <subfield code="9">796</subfield>
  </datafield>
  <datafield tag="245" ind1=" " ind2=" ">
    <subfield code="a">Nella tradizione della canzone italiana una grande voce: Alvaro Amici (Lp Sm 3775)</subfield>
  </datafield>
  <datafield tag="250" ind1=" " ind2=" ">
    <subfield code="a">1a ed.</subfield>
  </datafield>
  <datafield tag="260" ind1=" " ind2=" ">
    <subfield code="a">MILANO</subfield>
  </datafield>
  <datafield tag="260" ind1=" " ind2=" ">
    <subfield code="b">JOKER - W. GURTLER</subfield>
    <subfield code="c">1975 [1a Ed.:1975]</subfield>
  </datafield>
  <datafield tag="300" ind1=" " ind2=" ">
    <subfield code="a">DISCO</subfield>
  </datafield>
  <datafield tag="300" ind1=" " ind2=" ">
    <subfield code="c">42 minuti (Testo:  pag.)</subfield>
  </datafield>
  <datafield tag="500" ind1=" " ind2=" ">
    <subfield code="a">Canzone italiana.</subfield>
  </datafield>
  <datafield tag="505" ind1=" " ind2=" ">
    <subfield code="a">Granada (4:00) - Luna rossa 85:00) - Binario (4:00) - Mexico (4:00) - Non pensare a me (3:00) - Serenata celeste (4:00) - Giamaica (3:00) - La cosa pi&#xF9; bella (4:00) - Povero cuore (3:00) - Buongiorno tristezza (5:00) - Corde della mia chitarra (4:00) - Arrivederci Roma (5:00)</subfield>
  </datafield>
  <datafield tag="511" ind1=" " ind2=" ">
    <subfield code="a">Orchestra M. Battaini</subfield>
  </datafield>
  <datafield tag="650" ind1=" " ind2=" ">
    <subfield code="a">CANZONE ITALIAN [DISCHI]</subfield>
    <subfield code="e">Codice MATERIA SPICS: 9950</subfield>
    <subfield code="9">8123</subfield>
  </datafield>
  <datafield tag="700" ind1=" " ind2=" ">
    <subfield code="a">Amici Alvaro</subfield>
    <subfield code="g">Codice interprete SPICS:  7854</subfield>
    <subfield code="9">8124</subfield>
    <subfield code="e">Interprete</subfield>
  </datafield>
  <datafield tag="700" ind1=" " ind2=" ">
    <subfield code="a">Lara Augustin</subfield>
    <subfield code="g">Codice autore musica SPICS: 14008</subfield>
    <subfield code="e">Autore musica</subfield>
    <subfield code="p">Granada</subfield>
    <subfield code="9">8125</subfield>
  </datafield>
  <datafield tag="700" ind1=" " ind2=" ">
    <subfield code="a">Poletto Enzo</subfield>
    <subfield code="g">Codice autore testo/musica SPICS: 13595</subfield>
    <subfield code="e">Autore testo/musica</subfield>
    <subfield code="p">Granada</subfield>
    <subfield code="9">8126</subfield>
  </datafield>
  <datafield tag="700" ind1=" " ind2=" ">
    <subfield code="a">Vian</subfield>
    <subfield code="g">Codice autore musica SPICS: 14032</subfield>
    <subfield code="e">Autore musica</subfield>
    <subfield code="p">Luna rossa</subfield>
    <subfield code="9">8127</subfield>
  </datafield>
  <datafield tag="700" ind1=" " ind2=" ">
    <subfield code="a">De Crescenzo Eduardo</subfield>
    <subfield code="g">Codice autore testo/musica SPICS: 7995</subfield>
    <subfield code="e">Autore testo/musica</subfield>
    <subfield code="p">Luna rossa</subfield>
    <subfield code="9">8128</subfield>
  </datafield>
  <datafield tag="700" ind1=" " ind2=" ">
    <subfield code="a">Villa Claudio</subfield>
    <subfield code="g">Codice autore testo/musica SPICS: 1155</subfield>
    <subfield code="e">Autore testo/musica</subfield>
    <subfield code="p">Binario</subfield>
    <subfield code="9">8129</subfield>
  </datafield>
  <datafield tag="700" ind1=" " ind2=" ">
    <subfield code="a">Lopez F.</subfield>
    <subfield code="g">Codice autore testo/musica SPICS: 14374</subfield>
    <subfield code="e">Autore testo/musica</subfield>
    <subfield code="p">Mexico</subfield>
    <subfield code="9">8130</subfield>
  </datafield>
  <datafield tag="700" ind1=" " ind2=" ">
    <subfield code="a">Sciorilli Eros</subfield>
    <subfield code="g">Codice autore musica SPICS: 13521</subfield>
    <subfield code="e">Autore musica</subfield>
    <subfield code="p">Non pensare a me</subfield>
    <subfield code="9">8131</subfield>
  </datafield>
  <datafield tag="700" ind1=" " ind2=" ">
    <subfield code="a">Testa Michele (=Gill Armando)</subfield>
    <subfield code="g">odice autore testo/musica SPICS: 13131</subfield>
    <subfield code="e">Autore testo/musica</subfield>
    <subfield code="p">Non pensare a me</subfield>
    <subfield code="9">8132</subfield>
  </datafield>
  <datafield tag="700" ind1=" " ind2=" ">
    <subfield code="a">Fiorelli Giuseppe</subfield>
    <subfield code="g">Codice autore musica SPICS: 13362</subfield>
    <subfield code="4">Autore musica</subfield>
    <subfield code="p">Serenata celeste - Buongiorno tristezza - Corde della mia chitarra</subfield>
    <subfield code="9">8133</subfield>
  </datafield>
  <datafield tag="700" ind1=" " ind2=" ">
    <subfield code="a">Ruccione Mario</subfield>
    <subfield code="g">Codice autore testo/musica SPICS: 13479</subfield>
    <subfield code="e">Autore testo/musica</subfield>
    <subfield code="p">Serenata celeste - Buongiorno tristezza - Corde della mia chitarra</subfield>
    <subfield code="9">8134</subfield>
  </datafield>
  <datafield tag="700" ind1=" " ind2=" ">
    <subfield code="a">Valli T.A.</subfield>
    <subfield code="g">Codice autore testo/musica SPICS: 14375</subfield>
    <subfield code="e">Autore testo/musica</subfield>
    <subfield code="p">Giamaica</subfield>
    <subfield code="9">8135</subfield>
  </datafield>
  <datafield tag="700" ind1=" " ind2=" ">
    <subfield code="a">Conti C.</subfield>
    <subfield code="g">Codice autore musica SPICS: 15827</subfield>
    <subfield code="e">Autore musica</subfield>
    <subfield code="p">La cosa pi&#xF9; bella</subfield>
    <subfield code="9">8136</subfield>
  </datafield>
  <datafield tag="700" ind1=" " ind2=" ">
    <subfield code="a">Panzeri Mario</subfield>
    <subfield code="g">Codice autore SPICS: 13372</subfield>
    <subfield code="e">Autore</subfield>
    <subfield code="p">La cosa pi&#xF9; bella</subfield>
    <subfield code="9">8137</subfield>
  </datafield>
  <datafield tag="700" ind1=" " ind2=" ">
    <subfield code="a">Pace Daniele</subfield>
    <subfield code="g">Codice autore testo/musica SPICS: 13856</subfield>
    <subfield code="e">Autore testo/musica</subfield>
    <subfield code="p">La cosa pi&#xF9; bella</subfield>
    <subfield code="9">8138</subfield>
  </datafield>
  <datafield tag="700" ind1=" " ind2=" ">
    <subfield code="a">Offenbach Jacques</subfield>
    <subfield code="g">Codice autore musica SPICS: 11045</subfield>
    <subfield code="e">Autore musica</subfield>
    <subfield code="p">Povero cuore</subfield>
    <subfield code="9">8139</subfield>
  </datafield>
  <datafield tag="700" ind1=" " ind2=" ">
    <subfield code="a">Guardabassi G.</subfield>
    <subfield code="g">Codice autore SPICS: 14376</subfield>
    <subfield code="e">Autore</subfield>
    <subfield code="p">Povero cuore</subfield>
    <subfield code="9">8140</subfield>
  </datafield>
  <datafield tag="700" ind1=" " ind2=" ">
    <subfield code="a">Garinei Pietro</subfield>
    <subfield code="g">Codice autore musica SPICS: 13576</subfield>
    <subfield code="e">Autore musica</subfield>
    <subfield code="p">Arrivederci Roma</subfield>
    <subfield code="9">8141</subfield>
  </datafield>
  <datafield tag="700" ind1=" " ind2=" ">
    <subfield code="a">Rascel Renato</subfield>
    <subfield code="g">Codice autore SPICS: 13602</subfield>
    <subfield code="e">Autore</subfield>
    <subfield code="p">Arrivederci Roma</subfield>
    <subfield code="9">8142</subfield>
  </datafield>
  <datafield tag="700" ind1=" " ind2=" ">
    <subfield code="a">Giovannini Sandro</subfield>
    <subfield code="g">Codice autore testo/musica SPICS: 13634</subfield>
    <subfield code="e">Autore testo/musica</subfield>
    <subfield code="p">Arrivederci Roma</subfield>
    <subfield code="9">8143</subfield>
  </datafield>
  <datafield tag="942" ind1=" " ind2=" ">
    <subfield code="c">MD</subfield>
    <subfield code="2">ddc</subfield>
  </datafield>
  <datafield tag="952" ind1=" " ind2=" ">
    <subfield code="0">0</subfield>
    <subfield code="1">0</subfield>
    <subfield code="4">0</subfield>
    <subfield code="6">23993_000000000000000</subfield>
    <subfield code="7">1</subfield>
    <subfield code="a">SPICS</subfield>
    <subfield code="b">SPICS</subfield>
    <subfield code="d">2013-10-25</subfield>
    <subfield code="l">0</subfield>
    <subfield code="o">23993</subfield>
    <subfield code="r">2013-10-25 00:00:00</subfield>
    <subfield code="w">2013-10-25</subfield>
    <subfield code="y">MD</subfield>
    <subfield code="z">Progr. Ins.: 4840 / N.Vol.: 1 / Copie: 1 - Copia rara: n.d. / date import: 01.01.2014 - By Epidotti, Trombetti, Vaglietti</subfield>
  </datafield>
</record>
